Statistics for San Marino Country Quiz

Click here to take the quiz!

General Stats

  • This quiz has been taken 8,976 times
    (8,957 since last reset)
  • The average score is 8 of 14

Answer Stats

HintAnswer% Correct
Country which entirely surrounds San MarinoItaly
99%
Capital of San MarinoSan Marino
98%
Currency used in San MarinoEuro
93%
Country which briefly occupied San Marino in 1944Germany
91%
San Marino claims to be the world's _____ republicOldest
81%
San Marino's national football team has a record of 1 win, 6 draws, and 163 losses.
What tiny nearby nation is the only team they have ever defeated?
Liechtenstein
81%
San Marino is the only country in the world with more _______ than peopleVehicles
62%
Brazilian Formula One driver who died in the 1994 San Marino Grand Prix
(not actually held in San Marino)
Ayrton Senna
62%
Mountain range in which San Marino liesApennines
43%
Each six months, San Marino's Parliament elects two "Captains Regent" to lead the country.
What elected office in ancient Rome was similar to "Captain Regent"?
Consul
34%
San Marino is divided into 9 municipalities which are known as _______ (starts with C)Castelli
24%
There are three of these in the coat of armsTowers
23%
Largest settlementDogana
21%
Highest peak, 739 meters above sea levelMonte {Titano}
21%

Score Distribution

Percentile by Number Answered

Percent of People with Each Score

Your Score History

You have not taken this quiz since the last reset